Statistics for Miami Dolphins Starting Quarterbacks of Super Bowl Era

Click here to take the quiz!

General Stats

  • This quiz has been taken 76 times
    (43 since last reset)
  • The average score is 17 of 40

Answer Stats

Answer% Correct
Dan Marino
100%
Ryan Tannehill
100%
Tua Tagovailoa
100%
Bob Griese
90%
Brian Griese
83%
Ryan Fitzpatrick
83%
Jay Fiedler
72%
Earl Morrall
62%
Chad Henne
59%
Chad Pennington
59%
Jay Cutler
59%
Teddy Bridgewater
59%
Matt Moore
55%
David Woodley
52%
Dick Wood
52%
Scott Mitchell
48%
Skylar Thompson
48%
Cleo Lemon
41%
Daunte Culpepper
41%
Don Strock
41%
AJ Feeley
34%
Brock Osweiler
34%
Joey Harrington
34%
Josh Rosen
34%
Bernie Kosar
31%
Jacoby Brissett
31%
Trent Green
31%
George Wilson
28%
Gus Frerotte
24%
Damon Huard
21%
Ray Lucas
21%
Craig Erickson
17%
Sage Rosenfels
14%
Tyler Thigpen
14%
George Mira
10%
John Beck
10%
John Stofa
10%
Kyle Mackey
7%
Rick Norton
7%
Steve DeBerg
7%

Score Distribution

Percentile by Number Answered

Percent of People with Each Score

Your Score History

You have not taken this quiz since the last reset